000 00760nam a2200253Ia 4500
003 OSt
005 20220927105210.0
006 a|||||r|||| 00| 0
007 ta
008 220926b |||||||| |||| 00| 0 eng d
024 _a159323
037 _cReference Collections
040 _aRTL
_cRTL
_beng
041 _2eng
_aeng
082 _a"X71 : 8L m212, N50. N60, K0"
110 _aKERALA (Government of-)
_9356435
245 0 _aBudget estimates.
260 _aTrivandrum
_bGovernment of Kerala
_c1960
300 _a142p
_ccm.
500 _a"Appendix I : 142p, Appendix II : CXXXV"
700 _aKERALA (Government of-)
_9356437
942 _h"X71 : 8L m212, N50. N60, K0"
_cCC
999 _c691132
_d691132